Song Titles: Fill In The Missing Word - Jobs 1990's - Statistics

General Stats
  • This quiz has been taken 29 times
  • The average score is 4 of 15
Answer Stats
Artist Song Title % Correct
Lennie Kravitz Mr Cab {Driver}
89%
Snap! Rhythm Is A {Dancer}
82%
Morrissey The {Teacher}s Are Afraid Of The Pupils
61%
Nirvana Frances {Farmer} Will Have Her Revenge On Seattle
36%
Faithless God Is a {DJ}
29%
Aqua {Doctor} Jones
25%
Freak Power Turn On, Tune In, {Cop} Out
25%
B*Witched Blame It On The {Weatherman}
18%
Stereophonics The {Bartender} and the Thief
18%
Jimmy Nail {Cowboy} Dreams
14%
Chad Jackson Hear The {Drummer} Get Wicked
11%
Dreadzone {Captain} Dread
7%
Lilys A {Nanny} In Manhattan
4%
Breeders When I Was a {Painter}
4%
Kicks Like a Mule The {Bouncer}
0%
No matching quizzes found
Score Distribution
Percent of People with Each Score
Percentile by Number Answered
Your Score History
You have not taken this quiz